|
|
|
|
| LEADER |
00000nam a2200000 i 4500 |
| 001 |
1/85834 |
| 008 |
970326s1972 gre d |
| 035 |
|
|
|a 1993
|b 1
|c Δωρεά
|l 10034798
|
| 040 |
|
|
|a GR-MY-UA
|b gre
|e aacr
|
| 041 |
0 |
|
|a gre
|
| 082 |
0 |
|
|a 956.93
|
| 100 |
1 |
|
|a Σπυριδάκης, Κωνσταντίνος
|d 1903-
|
| 245 |
1 |
0 |
|a Μελέται, διαλέξεις, λόγοι, άρθρα /
|c Κωνσταντίνου Σπυριδάκι
|
| 260 |
|
|
|a Εν Λευκωσία :
|b [χ.ό.],
|c 1972
|
| 300 |
|
|
|a τ.1, μέρος Α'
|
| 505 |
0 |
|
|a τ.1: Ιστορικοφιλολογικαί μελέται και διαλέξεις.
|
| 650 |
0 |
0 |
|a History.
|
| 650 |
0 |
0 |
|a Speeches, addresses, etc.
|
| 651 |
|
0 |
|a Cyprus
|x History.
|
| 852 |
|
|
|a INST
|b RHODES
|e 19970326
|h 956.93 ΣΠΥ
|p 005400000249
|q 005400000249
|t BK
|y 0
|z τ.1
|
| 852 |
|
|
|a INST
|b RHODES
|e 19970326
|h 956.93 ΣΠΥ
|p 005400000249
|q 005400000249
|t BK
|v τ.1:
|y 0
|z τ.1
|
| 853 |
|
|
|a INST
|b RHODES
|h 956.93 ΣΠΥ
|
| 909 |
|
|
|a Ρ
|b 024627
|c 1993
|
| 970 |
|
|
|z 2000/06/ΟΙΚΟΝΟΜΟΠΟΥΛΟΥ (SUBJECT)
|